ქართული პროზა:წ.3:მეთერთმეტე–მეთოთხმეტე საუკუნეების მწერლობა (ბიბ.ჩანაწერი № 59229)
[ მარტივი ფორმატი ]
| 000 -LEADER | |
|---|---|
| fixed length control field | 00956nam a2200217Ia 4500 |
| 001 - CONTROL NUMBER | |
| control field | 10450 |
| 003 - CONTROL NUMBER IDENTIFIER | |
| control field | GE_BSU |
| 005 - DATE AND TIME OF LATEST TRANSACTION | |
| control field | 20221219105502.0 |
| 008 - FIXED-LENGTH DATA ELEMENTS--GENERAL INFORMATION | |
| fixed length control field | 181216s||||||||xx |||||||||||||| ||und|| |
| 020 ## - INTERNATIONAL STANDARD BOOK NUMBER | |
| International Standard Book Number | 9789992895269 |
| 040 ## - CATALOGING SOURCE | |
| Transcribing agency | GE_BSU |
| 080 ## - UNIVERSAL DECIMAL CLASSIFICATION NUMBER | |
| Universal Decimal Classification number | 821.353.1 |
| 245 ## - TITLE STATEMENT | |
| Title | ქართული პროზა:წ.3:მეთერთმეტე–მეთოთხმეტე საუკუნეების მწერლობა |
| 245 ## - TITLE STATEMENT | |
| Statement of responsibility, etc. | სარედ.კოლ:გრ. აბაშიძე და სხვ.შემდგ: გ. გვერდწითელი, ნ. ებრალიძე,რ. თვარაძე.რედ:ზ.აბესაძე;მხატვ:დ.დუნდუა |
| 260 ## - PUBLICATION, DISTRIBUTION, ETC. | |
| Place of publication, distribution, etc. | თბილისი |
| 260 ## - PUBLICATION, DISTRIBUTION, ETC. | |
| Name of publisher, distributor, etc. | საბჭოთა საქართველო |
| 260 ## - PUBLICATION, DISTRIBUTION, ETC. | |
| Date of publication, distribution, etc. | 1982 |
| 300 ## - PHYSICAL DESCRIPTION | |
| Extent | 431გვ;20სმ |
| 653 ## - INDEX TERM--UNCONTROLLED | |
| Uncontrolled term | ქართული პროზა: |
| 942 ## - ADDED ENTRY ELEMENTS (KOHA) | |
| Koha item type | წიგნი |
| Source of classification or shelving scheme | |
არაა ხელმისაწვდომი ეგზემპლარები.
